Spotlight on literature (Gold level)

में बचाया:
ग्रंथसूची विवरण
स्वरूप: पुस्तक
प्रकाशित: 1997
टैग : टैग जोड़ें
कोई टैग नहीं, इस रिकॉर्ड को टैग करने वाले पहले व्यक्ति बनें!
Thư viện lưu trữ: Mạng thư viện Đại học Đà Nẵng
LEADER 00445nam a22001811a 4500
001 000037850
003 14145
005 20160412021151.0
008 160412s1997 000
082 |a 4A(07)1307 
245 |a Spotlight on literature (Gold level)  |c Lynne Rienner 
260 |c 1997 
OWN |a LNN 
999 |a From the UDN01 
TYP |a Monograph 
980 |a Mạng thư viện Đại học Đà Nẵng